[Event "ROU-ch Women 2018"]
[Site "Olanesti"]
[Date "2018.05.14"]
[Round "1"]
[White "Bulmaga, Irina"]
[Black "Pancu, Aureliana-Eugenia"]
[Result "1-0"]
[WhiteElo "2415"]
[BlackElo "1852"]
[Annotator "TA"]
[PlyCount "49"]
[EventDate "2018.??.??"]
[EventType "swiss"]
[EventCountry "ROU"]
[SourceTitle "playchess.com"]
[Source "ChessBase"]
[SourceQuality "1"]

{[%evp 20,49,40,40,55,61,102,100,116,120,153,97,101,100,105,102,148,152,392,408,400,392,386,381,1154,1141,29996,777,29994,459,29995,29996]} 1. e4 e6 2. d4 d5 3. Nc3 Bb4 4. e5 c5 5. a3 Bxc3+ 6. bxc3 Qa5 7. Bd2 Qa4 8. Qg4 g6 9. Nf3 {C18: French: 3 Nc3 Bb4: Main line: 7 h4 and 7 Qg4} Nc6 10. Be2 Bd7 (10... b6 11. O-O cxd4 12. Nxd4 Nxd4 13. cxd4 Ba6 14. Bxa6 Qxa6 15. c4 Ne7 16. Bb4 Qb7 17. Bxe7 Qxe7 18. cxd5 exd5 {1-0 (50) Bobras,P (2523)-Socko,B (2613) Bialystok 2016}) 11. O-O {LiveBook: 3 Games. White is slightly better.} O-O-O 12. Qf4 Rf8 13. dxc5 Qxf4 $146 ({Predecessor:} 13... Qxc2 14. Nd4 Nxd4 15. cxd4 Ne7 16. Rfc1 Qe4 {½-½ (63) Muzychuk,M (2479)-Foisor,S (2323) Astana 2013}) 14. Bxf4 f6 15. h4 ({Better is} 15. Rfb1) 15... fxe5 $16 16. Bxe5 Nxe5 17. Nxe5 Nh6 18. Rab1 Rf4 $2 {[#]} (18... Be8 $16 {keeps fighting.} 19. Rfe1 Nf7) 19. Nxd7 $18 Kxd7 20. Rxb7+ Kc6 21. Rxa7 Rxh4 $2 (21... Kxc5 22. Rb1 Rc8 23. Rxh7 Nf5) 22. Rb1 {[#] Intending Rb6+ and mate.} Re4 23. Bd3 (23. Rb6+ $142 Kxc5 24. Raa6 (24. Rb5+ Kd6 $18) 24... Rxe2 25. Rc6+ Kb5 26. a4#) 23... Re5 24. Rb6+ Kxc5 25. Raa6 {Precision: White = 58%, Black = 33%.} 1-0

[Event "ROU-ch Women 2018"]
[Site "Olanesti"]
[Date "2018.05.14"]
[Round "1"]
[White "Cosma, Elena-Luminita"]
[Black "Bogdan, Elizaveta"]
[Result "1-0"]
[WhiteElo "2331"]
[BlackElo "1805"]
[Annotator "NA"]
[PlyCount "61"]
[EventDate "2018.??.??"]
[EventType "swiss"]
[EventCountry "ROU"]
[SourceTitle "playchess.com"]
[Source "ChessBase"]
[SourceQuality "1"]
[TimeControl "40/5400+30:1800+30"]

{[%evp 8,59,37,35,26,14,32767,32767,32767,9,32767,19,19,14,20,0,26,8,34,14,46,32767,32767,27,62,32767,32767,32767,32767,32767,32767,32767,32767,32767,32767,32767,32767,32767,32767,32767,32767,224,32767,32767,32767,239,245,253,308,287,303,32767,32767,284]} 1. d4 {[%emt 0:00:00]} Nf6 {[%emt 0:00:08]} 2. Nf3 {[%emt 0:00:00]} g6 {[%emt 0:00:08]} 3. g3 {[%emt 0:00:00]} Bg7 {[%emt 0:00:07]} 4. Bg2 {[%emt 0:00:00]} d6 {[%emt 0:00:21]} 5. O-O {[%emt 0:00:00]} O-O {[%emt 0:00:04]} 6. b3 {[%emt 0:00:06]} Nbd7 {[%emt 0:00:46]} 7. Bb2 {[%emt 0:00:07]} c6 {[%emt 0:01:01]} 8. Nbd2 {[%emt 0:00:23]} Qc7 {[%emt 0:01:19]} 9. e4 {[%emt 0:00:26]} e5 {[%emt 0:07:54]} 10. dxe5 {[%emt 0:00:10] A49: 1 d4 Nf6 2 Nf3 g6 3 g3: Anti-King's Indian systems} dxe5 {[%emt 0:04:36]} 11. Re1 {[%emt 0:00:14] LiveBook: 4 Games} Rd8 {[%emt 0:04:48]} 12. a4 {[%emt 0:08:11]} b6 $146 {[%emt 0:11:09]} ({Predecessor:} 12... Ne8 13. Qe2 Nf8 14. Nc4 f6 15. h4 Be6 16. Ba3 Bf7 17. h5 Ne6 {1-0 (33) Schebler,G (2499)-Georgiev,S (2022) Sunny Beach 2006}) 13. Qe2 {[%emt 0:02:02]} Bb7 {[%emt 0:05:51]} 14. Nc4 {[%emt 0:21:46]} Ne8 {[%emt 0:02:33]} 15. Rad1 {[%emt 0:02:29]} b5 {[%emt 0:05:58]} 16. Ne3 {[%emt 0:13:18]} bxa4 {[%emt 0:13:19]} 17. bxa4 {[%emt 0:00:08]} Nb6 {[%emt 0:00:20]} 18. a5 {[%emt 0:06:40]} Na4 {[%emt 0:03:18]} 19. a6 {[%emt 0:00:50]} Bxa6 {[%emt 0:12:58]} 20. Qxa6 {[%emt 0:00:12]} Nxb2 {[%emt 0:00:10]} 21. Rxd8 {[%emt 0:01:38]} Rxd8 {[%emt 0:00:28]} 22. Rb1 {[%emt 0:01:05]} Rb8 {[%emt 0:00:37]} 23. Qa2 {[%emt 0:00:16]} Nd6 {[%emt 0:04:56]} 24. Rxb2 {[%emt 0:00:58]} Rxb2 {[%emt 0:03:16]} 25. Qxb2 {[%emt 0:00:05]} Nxe4 {[%emt 0:00:05]} 26. Qb4 {[%emt 0:03:12]} Nf6 {[%emt 0:05:55]} 27. Qc4 {[%emt 0:03:35]} h6 {[%emt 0:01:48]} 28. Nd2 {[%emt 0:01:25]} c5 {[%emt 0:00:55]} 29. Ne4 {[%emt 0:03:06]} Nd7 {[%emt 0:03:49]} 30. Qd5 $18 {[%emt 0:02:57]} Bf8 {[%emt 0:01:06]} 31. Qxd7 {[%emt 0:00:27]} 1-0

[Event "ROU-ch Women 2018"]
[Site "Olanesti"]
[Date "2018.05.14"]
[Round "1"]
[White "Sandu, Mihaela"]
[Black "Florea, Dorina"]
[Result "1-0"]
[WhiteElo "2258"]
[BlackElo "1722"]
[Annotator "NA"]
[PlyCount "45"]
[EventDate "2018.??.??"]
[EventType "swiss"]
[EventCountry "ROU"]
[SourceTitle "playchess.com"]
[Source "ChessBase"]
[SourceQuality "1"]
[TimeControl "40/5400+30:1800+30"]

1. e4 {[%emt 0:00:00]} c5 {[%emt 0:00:07]} 2. Nf3 {[%emt 0:00:00]} d6 {[%emt 0:00:10]} 3. d4 {[%emt 0:00:00]} Nf6 {[%emt 0:00:09]} 4. Nc3 {[%emt 0:00:14]} cxd4 {[%emt 0:00:28]} 5. Nxd4 {[%emt 0:00:09]} a6 {[%emt 0:00:19]} 6. Be2 {[%emt 0:00:18]} Nc6 {[%emt 0:00:41]} 7. O-O {[%emt 0:00:30]} Bd7 {[%emt 0:00:33]} 8. Kh1 {[%emt 0:03:14]} e6 {[%emt 0:00:37]} 9. f4 {[%emt 0:02:50]} Be7 {[%emt 0:00:27]} 10. Be3 {[%emt 0:01:45]} O-O {[%emt 0:01:30]} 11. Qe1 {[%emt 0:04:02]} Nxd4 {[%emt 0:00:34]} 12. Bxd4 {[%emt 0:00:16]} Bc6 {[%emt 0:02:28]} 13. Bd3 {[%emt 0:01:05]} Qc7 {[%emt 0:01:31]} 14. Qg3 {[%emt 0:08:32]} b5 {[%emt 0:02:39] LiveBook: 10 Games} 15. e5 {[%emt 0:09:38]} dxe5 {[%emt 0:00:54]} 16. Bxe5 {[%emt 0:08:43]} Qb7 {[%emt 0:03:33]} 17. Rae1 {[%emt 0:01:08]} g6 {[%emt 0:01:02]} 18. Re2 {[%emt 0:05:39]} b4 $15 {[%emt 0:06:19]} 19. Nd1 {[%emt 0:06:22]} Ne4 {[%emt 0:03:45]} 20. Qh3 {[%emt 0:04:10]} Rfd8 21. Ne3 Nc5 {[%emt 0:06:14]} 22. f5 {[%emt 0:21:41]} Nxd3 23. fxg6 {[%emt 0:02:13]} 1-0

[Event "ROU-ch Women 2018"]
[Site "Olanesti"]
[Date "2018.05.14"]
[Round "1"]
[White "Ciolacu, Alessia-Mihaela"]
[Black "Peptan, Corina-Isabela"]
[Result "1-0"]
[WhiteElo "1843"]
[BlackElo "2393"]
[Annotator "ChessBase"]
[PlyCount "55"]
[EventDate "2018.??.??"]
[EventType "swiss"]
[EventCountry "ROU"]
[SourceTitle "playchess.com"]
[Source "ChessBase"]
[SourceQuality "1"]
[TimeControl "40/5400+30:1800+30"]

1. d4 {[%emt 0:00:00]} Nf6 {[%emt 0:00:05]} 2. Nf3 {[%emt 0:00:00]} e6 {[%emt 0:00:20]} 3. e3 {[%emt 0:00:05]} b6 {[%emt 0:01:18]} 4. Bd3 {[%emt 0:00:33]} Bb7 {[%emt 0:00:05]} 5. O-O {[%emt 0:00:10]} c5 {[%emt 0:00:22]} 6. c4 {[%emt 0:00:49]} Nc6 {[%emt 0:04:36]} 7. Nc3 {[%emt 0:04:04]} d5 {[%emt 0:17:43]} 8. Re1 {[%emt 0:18:06]} Be7 {[%emt 0:08:46]} 9. dxc5 {[%emt 0:17:10]} bxc5 {[%emt 0:05:34]} 10. b3 {[%emt 0:04:48]} O-O {[%emt 0:10:11]} 11. cxd5 {[%emt 0:03:39]} exd5 {[%emt 0:02:45]} 12. Bb2 {[%emt 0:03:04]} Nb4 {[%emt 0:02:06]} 13. Bf5 {[%emt 0:06:23]} Bc8 {[%emt 0:14:28]} 14. Bxc8 {[%emt 0:13:09]} Rxc8 {[%emt 0:00:02]} 15. Ne5 {[%emt 0:03:04]} d4 {[%emt 0:10:31]} 16. Nb5 {[%emt 0:01:58]} a6 {[%emt 0:05:28]} 17. Na3 {[%emt 0:03:19]} d3 {[%emt 0:02:02]} 18. e4 {[%emt 0:03:07]} Bd6 {[%emt 0:01:41]} 19. Ng4 {[%emt 0:04:43]} Be7 {[%emt 0:05:09]} 20. Ne5 {[%emt 0:00:52]} Qc7 {[%emt 0:02:36]} 21. Re3 {[%emt 0:05:07]} Rcd8 {[%emt 0:01:21]} 22. Ng4 {[%emt 0:03:04]} Qc6 {[%emt 0:02:14]} 23. Nh6+ {[%emt 0:03:38]} gxh6 {[%emt 0:00:50]} 24. Rg3+ {[%emt 0:00:23]} Kh8 {[%emt 0:00:02]} 25. Qh5 {[%emt 0:00:40]} Rg8 {[%emt 0:01:04]} 26. Qxf7 {[%emt 0:00:20]} Rd4 {[%emt 0:01:35]} 27. Qxe7 {[%emt 0:00:38]} Qxe4 {[%emt 0:00:35]} 28. Qxf6+ 1-0

[Event "ROU-ch Women 2018"]
[Site "Olanesti"]
[Date "2018.05.14"]
[Round "1"]
[White "Schiopu, Andreea-Alexandra"]
[Black "Dragomirescu, Angela"]
[Result "0-1"]
[WhiteElo "1765"]
[BlackElo "2272"]
[Annotator "NA"]
[PlyCount "74"]
[EventDate "2018.??.??"]
[EventType "swiss"]
[EventCountry "ROU"]
[SourceTitle "playchess.com"]
[Source "ChessBase"]
[SourceQuality "1"]
[TimeControl "40/5400+30:1800+30"]

{[%evp 9,71,27,29,32767,38,22,32,15,22,36,31,4,16,0,0,-16,0,0,4,-16,-7,-22,0,-7,32767,32767,32767,-54,-58,-67,-53,-75,32767,32767,32767,32767,32767,32767,32767,32767,32767,32767,32767,32767,32767,32767,32767,32767,32767,32767,32767,32767,32767,32767,32767,32767,32767,-221,32767,-187,-187,-280,-350,-377]} 1. d4 {[%emt 0:00:00]} d6 {[%emt 0:00:11]} 2. e4 {[%emt 0:00:08]} Nf6 {[%emt 0:00:06]} 3. Nc3 {[%emt 0:00:41]} g6 {[%emt 0:00:42]} 4. Nf3 {[%emt 0:00:32]} Bg7 {[%emt 0:00:04]} 5. Bd3 {[%emt 0:00:49]} O-O {[%emt 0:00:55]} 6. O-O {[%emt 0:00:21]} c6 {[%emt 0:06:08]} 7. h3 {[%emt 0:03:40]} Nbd7 {[%emt 0:02:29]} 8. Be3 {[%emt 0:00:58]} Qc7 {[%emt 0:01:54]} 9. Qd2 {[%emt 0:01:40]} b5 {[%emt 0:03:50]} 10. Bh6 {[%emt 0:03:20] B07: Pirc Defence: Miscellaneous Systems} (10. Ne2 e5 11. dxe5 Nxe5 12. Nxe5 dxe5 13. a4 Be6 14. axb5 cxb5 15. Qa5 Rfc8 16. Qxc7 Rxc7 17. Nc3 Bc4 {½-½ (92) Saric,I (2666)-Van Wely,L (2667) Wijk aan Zee 2015}) 10... Bb7 {[%emt 0:01:17]} 11. Bxg7 {[%emt 0:01:20]} Kxg7 {[%emt 0:00:29]} 12. Rfe1 {[%emt 0:00:49]} e5 {[%emt 0:04:20]} 13. dxe5 {[%emt 0:01:55]} dxe5 {[%emt 0:00:24] LiveBook: 3 Games} 14. Rad1 {[%emt 0:02:28]} Nc5 {[%emt 0:03:59]} 15. Qg5 $146 {[%emt 0:03:52]} ({Predecessor:} 15. a3 Ne6 {0-1 (59) Matras,A (2246)-Warakomski,T (2396) Warsaw 2005}) 15... Nfd7 {[%emt 0:05:23]} 16. Bf1 {[%emt 0:04:01]} f6 {[%emt 0:04:49]} 17. Qg4 {[%emt 0:01:44]} Nb6 {[%emt 0:00:13]} 18. b4 {[%emt 0:03:21]} Bc8 $1 {[%emt 0:06:53]} 19. Qg3 {[%emt 0:00:57]} Ne6 {[%emt 0:00:54]} 20. Nh4 {[%emt 0:04:48]} Nf4 {[%emt 0:10:53]} 21. Rd2 {[%emt 0:03:30]} Be6 {[%emt 0:01:55]} 22. Qe3 {[%emt 0:01:23]} Rad8 {[%emt 0:08:34]} 23. Red1 {[%emt 0:01:15]} Rxd2 {[%emt 0:00:32]} 24. Qxd2 {[%emt 0:00:14]} Bf7 {[%emt 0:01:03]} 25. Qd6 {[%emt 0:06:07]} Qxd6 {[%emt 0:00:50]} 26. Rxd6 {[%emt 0:00:10]} Rc8 {[%emt 0:00:13]} 27. Nf3 {[%emt 0:00:44]} Ne6 {[%emt 0:02:44]} 28. g4 {[%emt 0:01:33]} Kf8 {[%emt 0:00:35]} 29. Rd1 {[%emt 0:03:13]} Ke7 {[%emt 0:09:27]} 30. a4 {[%emt 0:01:47]} a6 {[%emt 0:00:05]} 31. a5 {[%emt 0:00:38]} Nd7 {[%emt 0:01:22]} 32. Ne2 {[%emt 0:00:33]} c5 {[%emt 0:00:56]} 33. c3 {[%emt 0:01:35]} cxb4 {[%emt 0:03:03]} 34. cxb4 {[%emt 0:00:27]} Rc4 {[%emt 0:04:12]} 35. Rc1 {[%emt 0:02:38]} (35. Rb1 $142) 35... Rxb4 {[%emt 0:04:27]} 36. Rc6 $19 {[%emt 0:00:19]} Nec5 {[%emt 0:01:20]} 37. Nc3 {[%emt 0:01:04]} Rb3 {[%emt 0:00:53]} 0-1

[Event "ROU-ch Women 2018"]
[Site "Olanesti"]
[Date "2018.05.14"]
[Round "1"]
[White "Paraschiv, Petronela-Alexandra"]
[Black "Sgircea, Silvia-Raluca"]
[Result "0-1"]
[WhiteElo "1720"]
[BlackElo "2198"]
[Annotator "NA"]
[PlyCount "82"]
[EventDate "2018.??.??"]
[EventType "swiss"]
[EventCountry "ROU"]
[SourceTitle "playchess.com"]
[Source "ChessBase"]
[SourceQuality "1"]
[TimeControl "40/5400+30:1800+30"]

{[%evp 8,71,16,32767,32767,32767,14,15,6,-2,-4,0,32767,-6,-4,-4,14,0,-3,-11,0,-17,-9,32767,32767,32767,-52,32767,32767,32767,32767,32767,32767,32767,32767,32767,32767,32767,32767,32767,-121,-112,32767,-124,-93,-115,-136,-148,-108,-158,-150,32767,32767,32767,-179,32767,32767,32767,-376,-364,-402,-467,-402,-362,-468,-468]} 1. c4 {[%emt 0:00:00]} c5 {[%emt 0:00:09]} 2. Nc3 {[%emt 0:00:00]} g6 {[%emt 0:00:14]} 3. g3 {[%emt 0:00:00]} Bg7 {[%emt 0:00:07]} 4. Bg2 {[%emt 0:00:08]} Nc6 {[%emt 0:00:15]} 5. d3 {[%emt 0:00:33]} d6 {[%emt 0:00:07]} 6. e4 {[%emt 0:00:30]} e6 {[%emt 0:03:42]} 7. Nge2 {[%emt 0:00:35]} Nge7 {[%emt 0:00:20]} 8. O-O {[%emt 0:01:29]} O-O {[%emt 0:00:10]} 9. Be3 {[%emt 0:01:02]} Nd4 {[%emt 0:01:54]} 10. Qd2 {[%emt 0:03:00]} Rb8 {[%emt 0:03:24]} 11. Bh6 {[%emt 0:07:15]} a6 {[%emt 0:05:19] LiveBook: 6 Games} 12. Nxd4 {[%emt 0:03:52]} cxd4 {[%emt 0:01:03]} 13. Bxg7 {[%emt 0:08:24]} Kxg7 {[%emt 0:00:08]} 14. Ne2 {[%emt 0:00:05] A36: Symmetrical English vs ...g6: 4 Bg2 Bg7} e5 {[%emt 0:15:07]} 15. h3 {[%emt 0:04:11]} (15. f4 f5 16. Rae1 Be6 17. b3 Qd7 18. Kh1 b5 19. c5 dxc5 20. fxe5 fxe4 21. Bxe4 Nf5 {1-0 (40) Zwettler,M (2206)-Poetz,F (2427) Feistritz an der Drau 2014}) 15... b5 {[%emt 0:01:50]} 16. b3 {[%emt 0:00:19]} Qb6 $146 {[%emt 0:01:55]} ({Predecessor:} 16... f5 17. Kh2 Qd7 18. f3 Qe6 19. Rae1 fxe4 20. fxe4 Bd7 21. Ng1 h6 {½-½ (34) Kachko,A (2135)-Demidov,M (2165) Russia 2004}) 17. Rfc1 {[%emt 0:15:09]} Bd7 {[%emt 0:02:33]} 18. f4 {[%emt 0:09:35]} Rfc8 {[%emt 0:15:33]} 19. Kf1 {[%emt 0:01:35]} a5 {[%emt 0:05:30]} 20. g4 {[%emt 0:03:53]} bxc4 {[%emt 0:03:05]} 21. bxc4 {[%emt 0:02:18]} a4 {[%emt 0:05:54]} 22. a3 {[%emt 0:01:31]} Qc5 {[%emt 0:01:15]} 23. Rc2 {[%emt 0:04:59]} Rb3 {[%emt 0:03:45]} 24. Rca2 {[%emt 0:01:27]} Rcb8 {[%emt 0:01:40]} 25. Nc1 {[%emt 0:03:55]} R3b6 {[%emt 0:01:07]} 26. f5 {[%emt 0:01:14]} Nc6 {[%emt 0:07:51]} 27. Bf3 {[%emt 0:02:24]} Qa5 {[%emt 0:06:09]} 28. Qxa5 {[%emt 0:04:40]} Nxa5 {[%emt 0:00:01]} 29. Ke1 {[%emt 0:02:05]} Kf6 {[%emt 0:02:58]} 30. h4 {[%emt 0:00:42]} gxf5 {[%emt 0:01:00]} 31. gxf5 {[%emt 0:00:20]} Rb1 {[%emt 0:02:19]} 32. Kd2 {[%emt 0:03:09]} R8b2+ {[%emt 0:02:17]} 33. Rxb2 {[%emt 0:01:26]} Rxb2+ {[%emt 0:00:01]} 34. Ke1 {[%emt 0:00:46]} Nb3 {[%emt 0:00:37]} 35. Nxb3 $19 {[%emt 0:00:31]} axb3 {[%emt 0:00:06]} ({Not} 35... Rxb3 36. Kd2 $11) 36. Bd1 {[%emt 0:01:20]} Ba4 {[%emt 0:00:13]} 37. Rc1 {[%emt 0:00:45]} Ra2 {[%emt 0:02:23]} 38. Rb1 {[%emt 0:00:14]} Rxa3 {[%emt 0:00:07]} 39. Kd2 {[%emt 0:01:51]} Ra2+ {[%emt 0:00:21]} 40. Kc1 {[%emt 0:00:00]} Rh2 {[%emt 0:00:16]} 41. h5 {[%emt 0:03:40]} b2+ {[%emt 0:00:27]} 0-1

[Event "ROU-ch Women 2018"]
[Site "Olanesti"]
[Date "2018.05.15"]
[Round "2"]
[White "Dragomirescu, Angela"]
[Black "Coman, Emilia-Florentina"]
[Result "1-0"]
[WhiteElo "2272"]
[BlackElo "1869"]
[Annotator "TA"]
[PlyCount "75"]
[EventDate "2018.??.??"]
[EventType "swiss"]
[EventCountry "ROU"]
[SourceTitle "playchess.com"]
[Source "ChessBase"]
[SourceQuality "1"]

{[%evp 15,75,0,0,0,0,-16,0,0,0,0,22,9,85,92,132,93,103,92,130,124,363,368,345,331,343,321,327,261,255,266,266,259,405,399,411,408,373,283,258,254,357,314,287,179,179,181,377,372,370,365,373,368,349,285,411,399,398,398,387,363,350,371]} 1. Nf3 d5 2. g3 c5 3. Bg2 f6 (3... Nc6 4. d4 e6 5. O-O Nf6 6. c4 dxc4 7. dxc5 Qxd1 8. Rxd1 Bxc5 9. Nfd2 O-O 10. Nxc4 Rd8 11. Rxd8+ Nxd8 12. Nc3 Bd7 13. Na5 Ng4 14. Ne4 Bb4 15. Bd2 Bxd2 16. Nxd2 {½-½ (36) Ding,L (2777)-Harikrishna,P (2744) Huaian 2017}) 4. c4 d4 5. e3 e5 6. exd4 {A08: King's Indian Attack} cxd4 7. O-O Nc6 8. d3 Nge7 {LiveBook: 6 Games} 9. Na3 Ng6 10. Nc2 Be7 $146 ({Predecessor:} 10... a5 11. Rb1 {0-1 (35) Satta,V (2230)-Efimov,I (2525) Bratto 1998}) 11. b4 {[%cal Bb2b4,Bb4b5][%mdl 32]} a6 12. Bd2 O-O 13. a4 f5 (13... Bd6 $11 {remains equal.}) 14. b5 $36 {[%mdl 2048] Black is under strong pressure.} Nb8 15. Re1 {[%cal Bf1e1,Be1e5,Be5b5][%mdl 32]} Nd7 16. Nb4 h6 17. bxa6 {[#] Strongly threatening Nxd4!} Nc5 $2 (17... Ra7 $16 18. Qe2 Re8) 18. Nxe5 $18 Nxe5 19. Rxe5 Nxa6 20. Nxa6 Rxa6 21. Rb5 b6 22. a5 bxa5 23. Rbxa5 Rff6 (23... Rxa5 {keeps fighting.} 24. Rxa5 Kh8) 24. Rxa6 Rxa6 25. Rxa6 Bxa6 26. Qf3 Bc8 27. Qc6 {[#] And now Qg6 would win.} Qd7 (27... Kh7 $142 28. c5 Qf8) 28. Bd5+ Kh7 29. Qxd7 Bxd7 {[%mdl 4096] Endgame KBB-KBB} 30. Bf4 Bf6 $2 (30... g5) 31. Bd6 Bc8 32. Kf1 g5 33. Ke2 Kg6 34. Kd2 h5 (34... Bd8 {was necessary.} 35. Kc2 Ba5) 35. Kc2 h4 36. Kb3 Kh5 37. Bf3+ g4 38. Bd5 {Precision: White = 83%, Black = 36%.} 1-0

[Event "ROU-ch Women 2018"]
[Site "Olanesti"]
[Date "2018.05.15"]
[Round "2"]
[White "Sgircea, Silvia-Raluca"]
[Black "Pelin, Ana-Maria"]
[Result "1-0"]
[WhiteElo "2198"]
[BlackElo "1635"]
[Annotator "TA"]
[PlyCount "79"]
[EventDate "2018.??.??"]
[EventType "swiss"]
[EventCountry "ROU"]
[SourceTitle "playchess.com"]
[Source "ChessBase"]
[SourceQuality "1"]

{[%evp 20,78,50,60,53,42,54,10,16,22,67,16,79,73,83,65,65,47,77,73,137,133,106,133,127,109,96,105,295,99,96,98,98,89,93,99,102,66,87,69,127,89,108,87,142,172,360,373,383,343,335,345,494,472,1229,759,5393,1501,1490,1399,29999]} 1. Nf3 d5 2. e3 Nf6 3. c4 dxc4 4. Bxc4 {[%cal Bf1c4,Bc4b3,Bb3c2,Bc2b1][%mdl 32]} e6 5. O-O a6 6. Qe2 c5 {[%cal Bc7c5,Bc5c4][%mdl 32]} 7. Rd1 b5 8. Bb3 Bb7 9. d4 c4 10. Bc2 Nc6 11. Nc3 {LiveBook: 3 Games} Be7 {D28: Queen's Gambit Accepted: Classical main line: 7 Qe2 with early ...Nc6} (11... Nb4 12. Bb1 Be7 13. a4 Nbd5 14. e4 Nxc3 15. bxc3 O-O 16. Bg5 Nd7 17. Be3 Nb6 18. axb5 axb5 19. Rxa8 Qxa8 {0-1 (31) Castaneda,G (2500)-Hovhannisyan,M (2520) Helmond 2014}) 12. e4 {Black must now prevent d5.} O-O 13. Be3 $146 {Threatening d5.} ({Predecessor:} 13. Bg5 Qc7 14. e5 Nd5 15. Qe4 g6 16. Nxd5 exd5 17. Qh4 Rae8 18. h3 Nd8 19. Bf6 {1-0 (32) Shetko,L (2405)-Poell,J (2386) ICCF email 2014}) 13... Nb4 {The position is equal.} 14. Bb1 $1 Qc7 15. a4 (15. Bg5 $14) 15... Bc6 (15... Nd3 $11) 16. Ne5 $16 Rfd8 17. Nxc6 Qxc6 18. h4 {[%cal Bh2h4,Bh4h5][%mdl 32]} Qb7 19. h5 Nc6 (19... g6 $142) 20. axb5 axb5 21. Rxa8 Rxa8 22. d5 Ne5 23. Bd4 Ned7 $2 {[#]} (23... Nd3 $16) 24. d6 $2 (24. dxe6 $1 $18 fxe6 25. e5) 24... e5 25. dxe7 exd4 26. Rxd4 {e5 is the strong threat.} Re8 27. Nd5 $36 {[%mdl 2048] White is on the roll.} Qa7 28. Rd1 {Hoping for h6.} Ne5 29. h6 Ng6 (29... Nxd5 $14 30. exd5 Qxe7) 30. hxg7 Nxd5 31. exd5 {[%cal Be4d5,Bd5d6][%mdl 32]} Rxe7 ({Black should play} 31... Qxe7 32. Qxe7 Rxe7) 32. Qg4 {[#] aiming for d6.} Qa5 $2 (32... Qd7 {was called for.} 33. Qg3 Re2) 33. d6 $18 Re1+ 34. Kh2 Rxd1 35. Qxd1 {And now Bxg6 would win.} Qd8 (35... Kxg7 {keeps fighting.} 36. d7 Qd8) 36. Qd4 Nh4 (36... f6 $142 37. Qd5+ Kxg7 38. Qb7+ Kf8) 37. d7 Qb8+ 38. Kg1 (38. Kh3 $142 Ng6 39. Bxg6 hxg6 40. d8=Q+ Qxd8 41. Qxd8+ Kxg7 42. Qd5) 38... Qd8 39. Qe4 {[%csl Gb1][%cal Re4h7]} Qxd7 40. Qxh7# {Precision: White = 57%, Black = 30%.} 1-0